| 000 | 00959nam a2200277 i 4500 | ||
|---|---|---|---|
| 003 | EG-GICUC | ||
| 005 | 20260507172857.0 | ||
| 008 | 260507s1975 su ||||fr|||| 00| 0 ara d | ||
| 040 |
_a EG-GICUC _bara _c EG-GICUC _d EG-GICUC _erda |
||
| 041 | 0 | _aara | |
| 082 | 0 | 4 |
_221 _a345.0531 _bح ا . ق |
| 092 | 0 | 4 | _221 |
| 099 | _aLaw1 07 345.0531 ح ا . ق 1975 | ||
| 100 | 0 |
_aحازم حسن جمعه _eمؤلف. |
|
| 245 | 1 | 2 |
_aالقانون الإداري السعودي / _cحازم حسن جمعه. |
| 264 | 1 |
_a[مكان النشر غير محدد] : _b[الناشر غير محدد]، _c1975. |
|
| 300 |
_a111 ؛ صفحة _c24 سم. |
||
| 336 |
_2rda content _atext |
||
| 337 |
_2rda media _aComputer |
||
| 338 |
_2rda carrier _aOnline Resource |
||
| 546 | _aالنص باللغة العربية | ||
| 650 | 1 | 4 | _aالقانون الإداري |
| 856 | 4 | 0 | _uhttps://fll.law.cu.edu.eg/fulltext/bks/B07-01354.pdf |
| 905 | _a77 | ||
| 942 |
_2ddc _cBK _e21 _n0 |
||
| 999 |
_c76203 _d76203 |
||